<?xml version="1.0" encoding="UTF-8"?>
<collection xmlns="http://www.loc.gov/MARC21/slim">
 <record>
  <leader>00810nam a2200205 a 4500</leader>
  <controlfield tag="008">091022r2003    ii       b    001 0 eng d </controlfield>
  <datafield tag="020" ind1=" " ind2=" ">
   <subfield code="a">8171180183</subfield>
  </datafield>
  <datafield tag="082" ind1="0" ind2="0">
   <subfield code="a">347.4/0954</subfield>
   <subfield code="2">22</subfield>
  </datafield>
  <datafield tag="100" ind1="1" ind2=" ">
   <subfield code="a">Pathak, Harshendu S.</subfield>
  </datafield>
  <datafield tag="245" ind1="1" ind2="0">
   <subfield code="a">Mulla on the Indian Contract Act /</subfield>
   <subfield code="c">Harshendu S. Pathak</subfield>
  </datafield>
  <datafield tag="250" ind1=" " ind2=" ">
   <subfield code="a">11th ed., Students' ed.</subfield>
  </datafield>
  <datafield tag="260" ind1=" " ind2=" ">
   <subfield code="a">Bombay :</subfield>
   <subfield code="b">N.M. Tripathi Pvt. Ltd,</subfield>
   <subfield code="c">2003.[reprinted]   	</subfield>
  </datafield>
  <datafield tag="300" ind1=" " ind2=" ">
   <subfield code="a">xliii, 340 p. ;</subfield>
   <subfield code="c">21 cm.</subfield>
  </datafield>
  <datafield tag="504" ind1=" " ind2=" ">
   <subfield code="a">Includes bibliographical references and index.</subfield>
  </datafield>
  <datafield tag="541" ind1="1" ind2=" ">
   <subfield code="e">00012538</subfield>
  </datafield>
  <datafield tag="650" ind1=" " ind2="0">
   <subfield code="a">Contracts</subfield>
   <subfield code="z">India </subfield>
  </datafield>
  <datafield tag="852" ind1="4" ind2=" ">
   <subfield code="a">Ayesha Abed Library </subfield>
   <subfield code="j">General Shelf.</subfield>
  </datafield>
  <datafield tag="942" ind1="0" ind2="0">
   <subfield code="0">1</subfield>
  </datafield>
  <datafield tag="999" ind1=" " ind2=" ">
   <subfield code="c">4792</subfield>
   <subfield code="d">4792</subfield>
  </datafield>
  <datafield tag="952" ind1=" " ind2=" ">
   <subfield code="0">0</subfield>
   <subfield code="1">0</subfield>
   <subfield code="2">ddc</subfield>
   <subfield code="4">0</subfield>
   <subfield code="6">347_409540000000000_PAT</subfield>
   <subfield code="7">0</subfield>
   <subfield code="9">4601</subfield>
   <subfield code="a">BRACUL</subfield>
   <subfield code="b">BRACUL</subfield>
   <subfield code="c">GEN</subfield>
   <subfield code="d">2009-10-22</subfield>
   <subfield code="g">300.00</subfield>
   <subfield code="l">10</subfield>
   <subfield code="m">105</subfield>
   <subfield code="o">347.40954 PAT</subfield>
   <subfield code="p">3010012538</subfield>
   <subfield code="r">2025-01-15</subfield>
   <subfield code="s">2023-09-24</subfield>
   <subfield code="t">1</subfield>
   <subfield code="v">600.00</subfield>
   <subfield code="w">2009-10-22</subfield>
   <subfield code="y">BK</subfield>
  </datafield>
 </record>
</collection>
